MARC

Tag First Indicator Second Indicator Subfields
LEADER 00000cam a2200000 a 4500
001 in00000007658
005 20151006060008.0
008 870120s1987 maua b 001 0 eng
010 |a  87001833  
020 |a 0120855550 (alk. paper) 
035 |a (OCoLC)ocm15162142 
035 |a (OCoLC)15162142 
035 |9 AAA2155AM 
040 |a DLC  |c DLC  |d FTV  |d FIL  |d EL$  |d MUQ  |d TXA  |d UtOrBLW 
049 |a TXAM 
050 0 0 |a QA845  |b .B53 1987 
082 0 |a 003  |2 19 
100 1 |a Beltrami, Edward J. 
245 1 0 |a Mathematics for dynamic modeling /  |c Edward Beltrami. 
264 1 |a Boston :  |b Academic Press,  |c [1987] 
264 4 |c ©1987 
300 |a xvi, 277 pages :  |b illustrations ;  |c 24 cm. 
336 |a text  |b txt  |2 rdacontent 
337 |a unmediated  |b n  |2 rdamedia 
338 |a volume  |b nc  |2 rdacarrier 
504 |a Bibliography: pages 267-274. 
500 |a Includes index. 
541 0 |a Donated by Robert, Eric & Joe Battalio in memory of their father, Raymond C. Battalio, June 2005. 
650 7 |a Dynamique.  |2 ram 
650 7 |a Modèles mathématiques.  |2 ram 
650 7 |a Dynamique  |x Modèles mathématiques.  |2 ram 
650 7 |a Systèmes dynamiques différentiables.  |2 ram 
650 0 |a Dynamics  |x Mathematical models. 
650 0 |a Differentiable dynamical systems. 
650 0 |a Mathematical models. 
650 4 |a Sistemas dinámicos diferenciales. 
650 4 |a Modelos matemáticos. 
650 6 |a Dynamique  |x Modèles mathématiques. 
650 6 |a Dynamique différentiable. 
650 6 |a Modèles mathématiques. 
994 |a C0  |b TXA 
948 |a cataloged  |b h  |c 2005/8/4  |d c  |e jlanham  |f 11:42:06 am 
999 |a MARS 
999 f f |s ce6e982b-2ca0-395e-b4ed-4cd12eb3c273  |i 2ac19a9b-759d-37dd-aab7-fc71f55d08d8  |t 0 
952 f f |p normal  |a Texas A&M University  |b College Station  |c Sterling C. Evans Library  |d Evans: Library Stacks  |t 0  |e QA845 .B53 1987  |h Library of Congress classification  |i unmediated -- volume  |m A14832902811 
998 f f |a QA845 .B53 1987  |t 0  |l Evans: Library Stacks